| 000 | 01664nam a2200361Ia 4500 | ||
|---|---|---|---|
| 001 | vtls003184503 | ||
| 003 | MY-SjTCS | ||
| 005 | 20200226114147.0 | ||
| 006 | m u | ||
| 007 | cr cn||||||||| | ||
| 008 | 100712s2003 dcub sb 000 0 eng d | ||
| 010 | _z 2002-151428 | ||
| 020 | _z0309086159 (pbk.) | ||
| 035 | _a(CaPaEBR)ebr10038648 | ||
| 039 | 9 |
_y201007121535 _zVLOAD |
|
| 040 |
_aCaPaEBR _cCaPaEBR |
||
| 050 | 1 | 4 |
_aRA644.M2 _bB566 2003eb |
| 082 | 0 | 4 |
_a614.5/32 _221 |
| 100 | 1 | _aBloland, Peter B. | |
| 245 | 1 | 0 |
_aMalaria control during mass population movements and natural disasters _h[electronic resource] / _cPeter B. Bloland and Holly A. Williams ; [presented to] Roundtable on the Demography of Forced Migration, Committee on Population and Program on Forced Migration and Health, Mailman School of Public Health, Columbia University. |
| 260 |
_aWashington, DC : _bNational Academies Press, _cc2003. |
||
| 300 |
_axiii, 163 p. : _bmaps ; _c23 cm. |
||
| 504 | _aIncludes bibliographical references (p. 120-143). | ||
| 529 | _aTSLHHL | ||
| 533 |
_aElectronic reproduction. _bPalo Alto, Calif. : _cebrary, _d2009. _nAvailable via World Wide Web. _nAccess may be limited to ebrary affiliated libraries. |
||
| 650 | 0 |
_aMalaria _xEpidemiology. |
|
| 650 | 0 |
_aDisaster medicine. _926875 |
|
| 650 | 0 |
_aEmigration and immigration _xHealth aspects. |
|
| 655 | 7 |
_aElectronic books. _2local |
|
| 700 | 1 | _aWilliams, Holly A. | |
| 710 | 2 |
_aebrary, Inc. _925628 |
|
| 856 | 4 | 0 |
_uhttps://ezproxy.taylors.edu.my/login?url=http://site.ebrary.com/lib/taylorscollege/Doc?id=10038648 _zAn electronic book accessible through the World Wide Web; click to view |
| 999 | _c127997 | ||